<?xml version="1.0" encoding="UTF-8"?>
<record
    xmlns:xsi="http://www.w3.org/2001/XMLSchema-instance"
    xsi:schemaLocation="http://www.loc.gov/MARC21/slim http://www.loc.gov/standards/marcxml/schema/MARC21slim.xsd"
    xmlns="http://www.loc.gov/MARC21/slim">

  <leader>00445nam a22001577a 4500</leader>
  <controlfield tag="005">20170916120716.0</controlfield>
  <controlfield tag="008">170916b        xxu||||| |||| 00| 0 eng d</controlfield>
  <datafield tag="020" ind1=" " ind2=" ">
    <subfield code="a">978-93-85039-08-9</subfield>
  </datafield>
  <datafield tag="041" ind1=" " ind2=" ">
    <subfield code="a">eng</subfield>
  </datafield>
  <datafield tag="082" ind1=" " ind2=" ">
    <subfield code="a">624.2</subfield>
  </datafield>
  <datafield tag="100" ind1=" " ind2=" ">
    <subfield code="a">RANGAWALA, LATE S.C. AND DALAL, KETKI . B. </subfield>
    <subfield code="9">3932</subfield>
  </datafield>
  <datafield tag="245" ind1=" " ind2=" ">
    <subfield code="a">BRIDGE ENGINEERING </subfield>
    <subfield code="b">(A Textbook for engineering students)</subfield>
  </datafield>
  <datafield tag="260" ind1=" " ind2=" ">
    <subfield code="a">GUJRAT</subfield>
    <subfield code="b">CHAROTAK PUBLISHING PVT.LTD</subfield>
  </datafield>
  <datafield tag="300" ind1=" " ind2=" ">
    <subfield code="a">304p.</subfield>
  </datafield>
  <datafield tag="942" ind1=" " ind2=" ">
    <subfield code="c">BK</subfield>
  </datafield>
  <datafield tag="999" ind1=" " ind2=" ">
    <subfield code="c">5576</subfield>
    <subfield code="d">5574</subfield>
  </datafield>
  <datafield tag="952" ind1=" " ind2=" ">
    <subfield code="0">0</subfield>
    <subfield code="1">0</subfield>
    <subfield code="4">0</subfield>
    <subfield code="7">0</subfield>
    <subfield code="a">JRU</subfield>
    <subfield code="b">MAIN</subfield>
    <subfield code="c">SHELF-6-B</subfield>
    <subfield code="d">2017-09-16</subfield>
    <subfield code="e">PURCHESS</subfield>
    <subfield code="g">175.00</subfield>
    <subfield code="l">0</subfield>
    <subfield code="o">624.2</subfield>
    <subfield code="p">21948</subfield>
    <subfield code="r">2017-09-16 00:00:00</subfield>
    <subfield code="w">2017-09-16</subfield>
    <subfield code="y">BK</subfield>
  </datafield>
  <datafield tag="952" ind1=" " ind2=" ">
    <subfield code="0">0</subfield>
    <subfield code="1">0</subfield>
    <subfield code="4">0</subfield>
    <subfield code="7">0</subfield>
    <subfield code="a">JRU</subfield>
    <subfield code="b">MAIN</subfield>
    <subfield code="c">SHELF-44-G</subfield>
    <subfield code="d">2017-09-16</subfield>
    <subfield code="e">PURCHESS</subfield>
    <subfield code="g">175.00</subfield>
    <subfield code="l">14</subfield>
    <subfield code="m">5</subfield>
    <subfield code="o">624.2</subfield>
    <subfield code="p">21949</subfield>
    <subfield code="r">2019-12-07 00:00:00</subfield>
    <subfield code="s">2019-11-07</subfield>
    <subfield code="w">2017-09-16</subfield>
    <subfield code="y">BK</subfield>
  </datafield>
  <datafield tag="952" ind1=" " ind2=" ">
    <subfield code="0">0</subfield>
    <subfield code="1">0</subfield>
    <subfield code="4">0</subfield>
    <subfield code="7">0</subfield>
    <subfield code="a">JRU</subfield>
    <subfield code="b">MAIN</subfield>
    <subfield code="c">SHELF-44-G</subfield>
    <subfield code="d">2017-09-16</subfield>
    <subfield code="e">PURCHESS</subfield>
    <subfield code="g">175.00</subfield>
    <subfield code="l">11</subfield>
    <subfield code="m">4</subfield>
    <subfield code="o">624.2</subfield>
    <subfield code="p">21950</subfield>
    <subfield code="r">2019-12-11 00:00:00</subfield>
    <subfield code="s">2019-11-29</subfield>
    <subfield code="w">2017-09-16</subfield>
    <subfield code="y">BK</subfield>
  </datafield>
  <datafield tag="952" ind1=" " ind2=" ">
    <subfield code="0">0</subfield>
    <subfield code="1">0</subfield>
    <subfield code="4">0</subfield>
    <subfield code="7">0</subfield>
    <subfield code="a">JRU</subfield>
    <subfield code="b">MAIN</subfield>
    <subfield code="c">SHELF-44-G</subfield>
    <subfield code="d">2017-09-16</subfield>
    <subfield code="e">PURCHESS</subfield>
    <subfield code="g">175.00</subfield>
    <subfield code="l">9</subfield>
    <subfield code="m">4</subfield>
    <subfield code="o">624.2</subfield>
    <subfield code="p">21951</subfield>
    <subfield code="r">2019-12-09 00:00:00</subfield>
    <subfield code="s">2019-11-19</subfield>
    <subfield code="w">2017-09-16</subfield>
    <subfield code="y">BK</subfield>
  </datafield>
  <datafield tag="952" ind1=" " ind2=" ">
    <subfield code="0">0</subfield>
    <subfield code="1">0</subfield>
    <subfield code="4">0</subfield>
    <subfield code="7">0</subfield>
    <subfield code="a">JRU</subfield>
    <subfield code="b">MAIN</subfield>
    <subfield code="c">SHELF-44-G</subfield>
    <subfield code="d">2017-09-16</subfield>
    <subfield code="e">PURCHESS</subfield>
    <subfield code="g">175.00</subfield>
    <subfield code="l">14</subfield>
    <subfield code="m">5</subfield>
    <subfield code="o">624.2</subfield>
    <subfield code="p">21952</subfield>
    <subfield code="r">2019-12-05 00:00:00</subfield>
    <subfield code="s">2019-11-22</subfield>
    <subfield code="w">2017-09-16</subfield>
    <subfield code="y">BK</subfield>
  </datafield>
</record>
